LOVE AND BAILEY SHORT PRACTICE OF SURGERY (Record no. 481230)

MARC details
000 -LEADER
fixed length control field 00359pam a2200157a 44500
008 - FIXED-LENGTH DATA ELEMENTS--GENERAL INFORMATION
fixed length control field 230515b2004 xxu||||| |||| 00| 0 eng d
020 ## - INTERNATIONAL STANDARD BOOK NUMBER
International Standard Book Number 0
041 ## - LANGUAGE CODE
Language code of text/sound track or separate title ENGLISH
082 ## - DEWEY DECIMAL CLASSIFICATION NUMBER
Classification number 617 LOV
100 ## - MAIN ENTRY--PERSONAL NAME
Personal name LOVE
245 ## - TITLE STATEMENT
Title LOVE AND BAILEY SHORT PRACTICE OF SURGERY
250 ## - EDITION STATEMENT
Edition statement 24 TH
260 ## - PUBLICATION, DISTRIBUTION, ETC.
Place of publication, distribution, etc. LONDON
Name of publisher, distributor, etc. ARNOLD
Date of publication, distribution, etc. 2004
300 ## - PHYSICAL DESCRIPTION
Extent 1522
650 ## - SUBJECT ADDED ENTRY--TOPICAL TERM
Topical term or geographic name entry element SURGERY
Holdings
Withdrawn status Lost status Damaged status Not for loan Home library Current library Shelving location Date acquired Source of acquisition Cost, normal purchase price Total Checkouts Full call number Barcode Date last seen Price effective from Koha item type
        College of Ayurved, Pune College of Ayurved, Pune   01/01/1991 NULL 2526.00   617 LOV ACP-PG-1669 28/06/2023 28/06/2023 Book